000 00386 a2200133 4500
001 91323
082 _aPR 1218
090 _c43435
_d43434
100 _aImran Ahmed Khan;
245 _aStudy of Various Guided Control Systems of Missiles with Special Emphasis on Guided Missile
_n44 "A" EC
260 _aKarachi
_bNED University
_c1996
300 _a90p
500 _aBE Project Reports
942 _aCAE NUST
_kPR 1218
999 _c326396
_d326396